000 00634nam a22001937a 4500
003 OSt
005 20251121144247.0
008 251121b |||||||| |||| 00| 0 eng d
020 _a971-8740-16-3
040 _aDWC-Main lib.
_cOC
082 _aFil. 371.262 L386p 1998
100 _aAlferez, Merle S.
245 _aProficiency test 1 for incoming high school students/
_cMerle S. Alferez
260 _aQuezon City, Phils. :
_bMSA Publishing House,
_cc1998.
300 _a23 pages ;
_c25 cm.
650 _a1. Examinations--Study guides.
650 _a2. Educational tests and measurements.
942 _2ddc
_cBK - FIL
_hFil.
_n0
999 _c6012
_d6012